[Event "Glasgow Open"]
[Site "Glasgow"]
[Date "1979.09.22"]
[Round "3"]
[White "Roach, Walter S"]
[Black "Buchanan, Walter F"]
[Result "0-1"]
[WhiteElo "1845"]
[BlackElo "2075"]
[PlyCount "40"]
[EventDate "1979.09.21"]
[EventType "swiss"]
[EventRounds "5"]
[EventCountry "SCO"]
[SourceVersionDate "2021.11.04"]

1. e4 c6 2. d4 d5 3. Nc3 dxe4 4. Nxe4 Nf6 5. Nxf6+ exf6 6. Bc4 Be7 7. Ne2 O-O
8. O-O Nd7 9. Ng3 g6 10. Bh6 Re8 11. Qf3 Nb6 12. Bd3 Qxd4 13. Rfe1 Qh4 14. Bd2
Qg4 15. Qe3 Be6 16. Ne4 Nd5 17. Qd4 c5 18. Qa4 f5 19. f3 Qh4 20. Nxc5 Bxc5+ 0-1

[Event "Glasgow Open"]
[Site "Glasgow"]
[Date "1979.09.23"]
[Round "4"]
[White "Scrimgour, Alan"]
[Black "Pritchett, Craig William"]
[Result "0-1"]
[WhiteElo "2110"]
[BlackElo "2435"]
[PlyCount "54"]
[EventDate "1979.09.21"]
[EventType "swiss"]
[EventRounds "5"]
[EventCountry "SCO"]
[SourceVersionDate "2021.11.04"]

1. e4 c5 2. Nf3 e6 3. d4 cxd4 4. Nxd4 Nf6 5. Nc3 d6 6. Be2 Be7 7. O-O O-O 8.
Kh1 a6 9. a4 Nc6 10. f4 Bd7 11. Bf3 Qc7 12. g4 d5 13. exd5 Nxd4 14. Qxd4 Bc5
15. Qc4 b5 16. Qe2 Nxd5 17. Nxd5 exd5 18. Bxd5 Rae8 19. Qg2 bxa4 20. f5 Qb6 21.
c4 Kh8 22. g5 Re5 23. f6 gxf6 24. Rxf6 Qxf6 25. Bd2 Qb6 26. Bc3 Bd4 27. Qd2
Bxc3 0-1

[Event "Glasgow Open"]
[Site "Glasgow"]
[Date "1979.09.23"]
[Round "4"]
[White "Stewart, Alan W"]
[Black "Sinclair, Ian"]
[Result "0-1"]
[WhiteElo "1895"]
[BlackElo "2345"]
[PlyCount "80"]
[EventDate "1979.09.21"]
[EventType "swiss"]
[EventRounds "5"]
[EventCountry "SCO"]
[SourceVersionDate "2021.11.04"]

1. e4 c5 2. Nf3 e6 3. d4 cxd4 4. c3 Nf6 5. e5 Nd5 6. c4 Nb4 7. Bf4 Qa5 8. Bd2
N8c6 9. Qb3 d3 10. Bxd3 Nxd3+ 11. Qxd3 Nxe5 12. Qe4 Nxf3+ 13. Qxf3 Qe5+ 14. Qe3
Qxe3+ 15. Bxe3 b6 16. O-O Ba6 17. Rc1 Rc8 18. Nd2 Be7 19. a4 Bb4 20. b3 Ke7 21.
Nf3 Rhd8 22. Bd2 Bxd2 23. Nxd2 d5 24. a5 dxc4 25. Nxc4 Bxc4 26. bxc4 Rd4 27.
axb6 axb6 28. Ra7+ Kf6 29. Raa1 Rdxc4 30. Rcb1 b5 31. g3 b4 32. Kg2 Rb8 33. Ra4
Kg6 34. Rb3 Rb7 35. Kf3 f6 36. Ke3 e5 37. h3 h5 38. f3 h4 39. g4 Kg5 40. Ra5
Rbc7 0-1

[Event "Glasgow Open"]
[Site "Glasgow"]
[Date "1979.09.23"]
[Round "4"]
[White "Upton, Timothy J"]
[Black "Buchanan, Walter F"]
[Result "1/2-1/2"]
[WhiteElo "2280"]
[BlackElo "2075"]
[PlyCount "112"]
[EventDate "1979.09.21"]
[EventType "swiss"]
[EventRounds "5"]
[EventCountry "SCO"]
[SourceVersionDate "2021.11.04"]

1. e4 c6 2. d4 d5 3. exd5 cxd5 4. Bd3 Nc6 5. c3 Nf6 6. Bf4 Bg4 7. Qb3 Qd7 8.
Nd2 e6 9. Ngf3 Bd6 10. Be5 Be7 11. O-O O-O 12. Qc2 Bf5 13. Bxf5 exf5 14. Bxf6
Bxf6 15. Nb3 b6 16. a4 Rae8 17. a5 Re4 18. axb6 axb6 19. Ra6 Qc7 20. Qd3 Bd8
21. Nfd2 Re6 22. Qxf5 Qd6 23. Ra8 Bc7 24. Rxf8+ Kxf8 25. g3 g6 26. Qg5 Kg7 27.
Nc1 h6 28. Qg4 h5 29. Qf3 Rf6 30. Qg2 Qe6 31. f4 h4 32. Nf3 hxg3 33. hxg3 Qg4
34. Ng5 Rf5 35. Nd3 b5 36. Qf3 Qxf3 37. Nxf3 Rf6 38. Re1 Rd6 39. Re8 Bb6 40.
Rc8 b4 41. Nfe5 bxc3 42. bxc3 Ne7 43. Re8 Nc6 44. Rc8 Na7 45. Rb8 Nb5 46. Rb7
Nxc3 47. Rxf7+ Kg8 48. Nc5 Ne4 49. Rd7 Bxc5 50. dxc5 Rxd7 51. Nxd7 Nxg3 52. c6
Nf5 53. c7 Nd6 54. Nb6 Kf7 55. Kf2 g5 56. fxg5 Kg6 1/2-1/2

[Event "Glasgow Open"]
[Site "Glasgow"]
[Date "1979.09.23"]
[Round "4"]
[White "Davis, Edward"]
[Black "Giulian, Philip M"]
[Result "1/2-1/2"]
[WhiteElo "2175"]
[BlackElo "2075"]
[PlyCount "56"]
[EventDate "1979.09.21"]
[EventType "swiss"]
[EventRounds "5"]
[EventCountry "SCO"]
[SourceVersionDate "2021.11.04"]

1. e4 Nf6 2. e5 Nd5 3. c4 Nb6 4. d4 d6 5. exd6 exd6 6. Bd3 Be7 7. Nc3 Nc6 8.
Be3 Bf6 9. Nge2 Bg4 10. f3 Bh4+ 11. Ng3 Bh5 12. Bf2 Qe7+ 13. Nce2 Bg6 14. a3
O-O 15. O-O Rfe8 16. Qc2 d5 17. c5 Nc4 18. Bxg6 hxg6 19. Rfe1 Qf6 20. b3 Ne3
21. Qd3 Nf5 22. Rad1 Rad8 23. Nxf5 Bxf2+ 24. Kxf2 gxf5 25. g3 a6 26. b4 Re6 27.
Nf4 Rxe1 28. Kxe1 g6 1/2-1/2

[Event "Glasgow Open"]
[Site "Glasgow"]
[Date "1979.09.23"]
[Round "4"]
[White "Norris, Alan J"]
[Black "McGregor, Douglas RW"]
[Result "0-1"]
[WhiteElo "2195"]
[BlackElo "2065"]
[PlyCount "94"]
[EventDate "1979.09.21"]
[EventType "swiss"]
[EventRounds "5"]
[EventCountry "SCO"]
[SourceVersionDate "2021.11.04"]

1. d4 Nf6 2. c4 g6 3. Nc3 d5 4. Nf3 Bg7 5. cxd5 Nxd5 6. e4 Nxc3 7. bxc3 c5 8.
Bb5+ Bd7 9. Qb3 Qb6 10. Bxd7+ Nxd7 11. O-O O-O 12. Ba3 Qxb3 13. axb3 cxd4 14.
cxd4 Rfc8 15. Rfc1 e6 16. Kf1 Nf6 17. Rxc8+ Rxc8 18. e5 Nd5 19. Bd6 a6 20. Ng5
Rc3 21. b4 Bh6 22. Ne4 Rc1+ 23. Rxc1 Bxc1 24. Ke2 Ba3 25. b5 Bxd6 26. bxa6 Bb8
27. axb7 Kf8 28. Nc5 Nb6 29. Na6 Nd7 30. Nb4 Ke8 31. Nc6 Bc7 32. Kd3 Nb8 33.
Nxb8 Bxb8 34. Kc4 Kd7 35. Kb5 Kc7 36. Kc4 Kc6 37. f4 h6 38. g3 h5 39. h3 Kc7
40. Kb5 Ba7 41. Kc4 Kc6 42. g4 hxg4 43. hxg4 g5 44. f5 Bb8 45. f6 Ba7 46. d5+
exd5+ 47. Kb4 Kd7 0-1

[Event "Glasgow Open"]
[Site "Glasgow"]
[Date "1979.09.23"]
[Round "4"]
[White "Lamont, IL."]
[Black "Heron, Donald"]
[Result "1-0"]
[WhiteElo "2030"]
[BlackElo "1805"]
[PlyCount "133"]
[EventDate "1979.09.21"]
[EventType "swiss"]
[EventRounds "5"]
[EventCountry "SCO"]
[SourceVersionDate "2021.11.04"]

1. c4 b6 2. Nc3 Bb7 3. e4 Nf6 4. d3 e5 5. Nf3 Nc6 6. g3 Bb4 7. Bg2 O-O 8. O-O
Re8 9. Be3 Bf8 10. Nd5 Nxd5 11. exd5 Nb8 12. d4 exd4 13. Nxd4 c6 14. Qg4 cxd5
15. cxd5 d6 16. Nf5 Qf6 17. Be4 Bc8 18. Qf3 Nd7 19. Nd4 Qxf3 20. Bxf3 Ne5 21.
Bg2 Bd7 22. Rac1 Rac8 23. Nc6 Bxc6 24. dxc6 Rc7 25. Rc3 Rd8 26. Rd1 Ng6 27. a3
Ne7 28. Bf4 Ng6 29. Be3 Ne7 30. b4 b5 31. Rdc1 Rdc8 32. h4 d5 33. Bf4 Rxc6 34.
Rxc6 Rxc6 35. Rxc6 Nxc6 36. Bxd5 Nd4 37. Be5 Nc2 38. Bb2 a5 39. Be4 axb4 40.
Bxc2 bxa3 41. Bd4 Be7 42. Bb3 Kf8 43. Kf1 f6 44. Ke2 Ke8 45. Kd3 Bb4 46. h5 h6
47. Bc3 Bc5 48. f3 Kd7 49. g4 Kc6 50. Ba5 Bd6 51. Bf7 b4 52. Kc2 Kb5 53. Bd8
Bc5 54. Bc7 Be7 55. Bf4 Bc5 56. Kb3 Be7 57. Bc4+ Kb6 58. Be3+ Ka5 59. Bd4 Bd6
60. Bd3 Be7 61. Kc4 Bf8 62. Bc2 Be7 63. Bb3 Bf8 64. Bc5 Bxc5 65. Kxc5 a2 66.
Bxa2 Ka4 67. Kc4 1-0

[Event "Glasgow Open"]
[Site "Glasgow"]
[Date "1979.09.23"]
[Round "4"]
[White "Swanson, Stephen"]
[Black "Houston, David"]
[Result "1-0"]
[WhiteElo "2350"]
[BlackElo "1905"]
[PlyCount "65"]
[EventDate "1979.09.21"]
[EventType "swiss"]
[EventRounds "5"]
[EventCountry "SCO"]
[SourceVersionDate "2021.11.04"]

1. e4 g6 2. d4 Bg7 3. c3 d6 4. f4 Nd7 5. Nf3 e6 6. Bd3 c5 7. Be3 Ngf6 8. Qe2
Qc7 9. Nbd2 a6 10. a4 b6 11. O-O O-O 12. h3 Bb7 13. Qf2 Rfd8 14. Qh4 Nf8 15. f5
exf5 16. exf5 gxf5 17. Bxf5 Ng6 18. Bxg6 fxg6 19. Rae1 Rf8 20. dxc5 dxc5 21.
Bg5 Rae8 22. Rxe8 Nxe8 23. Re1 Nf6 24. Re6 Nd5 25. Qe1 b5 26. axb5 axb5 27. Ne4
Bc8 28. Nd6 Bd7 29. Qe4 Bc6 30. Nxb5 Qd7 31. Rd6 Qb7 32. Qe6+ Kh8 33. Rxc6 1-0

[Event "Glasgow Open"]
[Site "Glasgow"]
[Date "1979.09.23"]
[Round "4"]
[White "Treasurer, John L"]
[Black "McLay, John"]
[Result "1-0"]
[WhiteElo "1995"]
[BlackElo "1790"]
[PlyCount "59"]
[EventDate "1979.09.21"]
[EventType "swiss"]
[EventRounds "5"]
[EventCountry "SCO"]
[SourceVersionDate "2021.11.04"]

1. d4 Nf6 2. c4 g6 3. Nc3 Bg7 4. e4 d6 5. Be2 O-O 6. Nf3 Nbd7 7. Qc2 c6 8. O-O
e5 9. d5 c5 10. Bg5 h6 11. Bh4 a6 12. Ne1 Qe8 13. Rb1 Nh7 14. b4 f5 15. f3 b6
16. a4 g5 17. Bf2 f4 18. Nd3 Qg6 19. a5 cxb4 20. Nxb4 bxa5 21. Nc6 Rf7 22. Na4
h5 23. c5 Bf8 24. Nd8 Re7 25. c6 Ndf6 26. Nb6 g4 27. Nxa8 g3 28. hxg3 fxg3 29.
Be3 Nxd5 30. Qc4 1-0

[Event "Glasgow Open"]
[Site "Glasgow"]
[Date "1979.09.23"]
[Round "4"]
[White "White, Alastair F"]
[Black "Mitchell, Robert J"]
[Result "1-0"]
[WhiteElo "2150"]
[BlackElo "1815"]
[PlyCount "99"]
[EventDate "1979.09.21"]
[EventType "swiss"]
[EventRounds "5"]
[EventCountry "SCO"]
[SourceVersionDate "2021.11.04"]

1. e4 c5 2. Nf3 Nc6 3. d4 cxd4 4. Nxd4 Nf6 5. Nc3 d6 6. Bg5 Bd7 7. Be2 Qa5 8.
Bxf6 gxf6 9. Nb3 Qg5 10. Nd5 O-O-O 11. Ne3 Kb8 12. Qd2 Qg6 13. Bd3 Ne5 14. f4
Nxd3+ 15. Qxd3 Bc6 16. f5 Qh5 17. O-O Qh4 18. Nd5 e6 19. Nc3 Be7 20. Na5 d5 21.
Nxc6+ bxc6 22. exd5 Bc5+ 23. Kh1 cxd5 24. Qb5+ Bb6 25. a4 Qc4 26. a5 Qxb5 27.
Nxb5 a6 28. axb6 axb5 29. fxe6 fxe6 30. Rxf6 Rd6 31. Re1 Re8 32. Rf7 Rxb6 33.
Rxh7 Rc6 34. c3 e5 35. g4 e4 36. Re2 b4 37. Rd7 bxc3 38. bxc3 Rxc3 39. Rxd5 Kc7
40. Kg2 Rd3 41. Rf5 e3 42. Kf3 Rh8 43. Re5 Rd2 44. R5xe3 Rxh2 45. Rxh2 Rxh2 46.
Kf4 Kd6 47. Kf5 Rf2+ 48. Kg6 Rg2 49. g5 Rf2 50. Kg7 1-0

[Event "Glasgow Open"]
[Site "Glasgow"]
[Date "1979.09.23"]
[Round "5"]
[White "Pritchett, Craig William"]
[Black "Sinclair, Ian"]
[Result "1/2-1/2"]
[WhiteElo "2435"]
[BlackElo "2345"]
[PlyCount "65"]
[EventDate "1979.09.21"]
[EventType "swiss"]
[EventRounds "5"]
[EventCountry "SCO"]
[SourceVersionDate "2021.11.04"]

1. e4 c6 2. d4 d5 3. Nd2 dxe4 4. Nxe4 Bf5 5. Ng3 Bg6 6. h4 h6 7. h5 Bh7 8. Nf3
Nd7 9. Bd3 Bxd3 10. Qxd3 Qc7 11. Bd2 e6 12. O-O-O Bd6 13. Ne4 Bf4 14. Kb1 Ngf6
15. g3 Bxd2 16. Nexd2 O-O-O 17. Qe2 Nb6 18. Nb3 Nfd7 19. c4 c5 20. dxc5 Nxc5
21. Nxc5 Qxc5 22. Ne5 Kb8 23. b3 Qc7 24. f4 Rhe8 25. Rhe1 Rxd1+ 26. Rxd1 f6 27.
Nf3 e5 28. fxe5 fxe5 29. Rd3 Nd7 30. Re3 Qd6 31. Nd2 Nf6 32. Ne4 Qd4 33. Nxf6
1/2-1/2

[Event "Glasgow Open"]
[Site "Glasgow"]
[Date "1979.09.23"]
[Round "5"]
[White "Buchanan, Walter F"]
[Black "Millar, Ian"]
[Result "1-0"]
[WhiteElo "2075"]
[BlackElo "1955"]
[PlyCount "85"]
[EventDate "1979.09.21"]
[EventType "swiss"]
[EventRounds "5"]
[EventCountry "SCO"]
[SourceVersionDate "2021.11.04"]

1. e4 d6 2. d4 Nf6 3. Nc3 g6 4. Bg5 Bg7 5. e5 dxe5 6. dxe5 Ng4 7. Qxd8+ Kxd8 8.
Rd1+ Bd7 9. e6 fxe6 10. Bc4 Ke8 11. Nge2 Ne5 12. Bb3 Kf7 13. Ne4 b6 14. Be3 h6
15. h3 c5 16. f4 Nec6 17. O-O Na5 18. f5 gxf5 19. Rxf5+ Ke8 20. Rh5 c4 21. Rxa5
bxa5 22. Bxc4 Bxb2 23. Nf4 Nc6 24. Nc5 Rd8 25. Bb5 Be5 26. Rxd7 Rc8 27. Ng6 Rh7
28. Nxe5 Nxe5 29. Rc7+ Kf7 30. Rxc8 Ng6 31. Be8+ Kf6 32. Ne4+ Kg7 33. Bxg6 Kxg6
34. Rc5 Kf7 35. Re5 Rh8 36. Rxa5 Rc8 37. c3 Rc4 38. Nd2 Rxc3 39. Bf2 Rd3 40.
Nb3 Kg6 41. Rxa7 Rd1+ 42. Kh2 Rd3 43. Rxe7 1-0

[Event "Glasgow Open"]
[Site "Glasgow"]
[Date "1979.09.23"]
[Round "5"]
[White "Giulian, Philip M"]
[Black "Lamont, IL."]
[Result "1-0"]
[WhiteElo "2175"]
[BlackElo "2030"]
[PlyCount "77"]
[EventDate "1979.09.21"]
[EventType "swiss"]
[EventRounds "5"]
[EventCountry "SCO"]
[SourceVersionDate "2021.11.04"]

1. d4 Nf6 2. c4 c5 3. d5 e5 4. Nc3 d6 5. e4 Be7 6. g3 O-O 7. Bg2 a6 8. Nge2
Nbd7 9. O-O Rb8 10. a4 b6 11. f4 Ne8 12. f5 Nc7 13. Qd3 Bg5 14. Bxg5 Qxg5 15.
h4 Qe7 16. Bh3 Rd8 17. Kh1 Nf8 18. Ng1 Bd7 19. b3 Rb7 20. Nf3 b5 21. axb5 axb5
22. g4 bxc4 23. bxc4 Rdb8 24. g5 f6 25. Rg1 Rb4 26. Rg2 Bc8 27. Rag1 Ne8 28.
Nd2 Ra8 29. Nd1 Nd7 30. Ne3 Kh8 31. Rg3 Ra2 32. Bf1 Nb6 33. R3g2 Ba6 34. Be2
Na4 35. Bh5 Nb6 36. Bxe8 Qxe8 37. gxf6 gxf6 38. Ng4 Qh5 39. Qg3 1-0

[Event "Glasgow Open"]
[Site "Glasgow"]
[Date "1979.09.23"]
[Round "5"]
[White "Pyrich, George"]
[Black "Swanson, Stephen"]
[Result "0-1"]
[WhiteElo "1990"]
[BlackElo "2350"]
[PlyCount "152"]
[EventDate "1979.09.21"]
[EventType "swiss"]
[EventRounds "5"]
[EventCountry "SCO"]
[SourceVersionDate "2021.11.04"]

1. e4 g6 2. d4 d6 3. Nc3 Bg7 4. Bc4 c6 5. Bb3 Nf6 6. Qe2 O-O 7. e5 dxe5 8. dxe5
Nd5 9. Bd2 Be6 10. h3 Na6 11. f4 Nc5 12. Nxd5 cxd5 13. Nf3 a5 14. Be3 b6 15. c3
Bc8 16. Bxc5 bxc5 17. Rd1 e6 18. Qf2 Qb6 19. Rd2 Ba6 20. Bd1 f6 21. exf6 Bxf6
22. Be2 a4 23. a3 Bb7 24. O-O Rae8 25. Qg3 Qc7 26. Bb5 Ra8 27. Bd3 Bc6 28. Re2
Rae8 29. Ne5 Bxe5 30. Rxe5 Qg7 31. h4 Rf6 32. h5 c4 33. Bb1 Ref8 34. Rg5 Be8
35. hxg6 Bxg6 36. Bc2 Kh8 37. Qe3 Qc7 38. Bxa4 Rxf4 39. Rxf4 Qxf4 40. Qxf4 Rxf4
41. Re5 Be4 42. Bd1 Rf6 43. Bg4 Rg6 44. Bh3 Rg7 45. Rxe6 Rb7 46. Kf2 Rxb2+ 47.
Ke3 Kg7 48. a4 Ra2 49. Ra6 h5 50. g3 Rc2 51. Kd4 Rd2+ 52. Ke5 Rd3 53. Be6 Rxg3
54. Bxd5 Bxd5 55. Kxd5 Rxc3 56. Rb6 Rc1 57. Rb2 c3 58. Rh2 Kg6 59. Kc4 c2 60.
Kc3 Kg5 61. Kb2 Ra1 62. Rxc2 Rxa4 63. Kc1 Kg4 64. Kd1 Kf3 65. Rc3+ Kf2 66. Rc2+
Kf1 67. Rc8 Rd4+ 68. Kc2 h4 69. Kc3 Rg4 70. Kd2 h3 71. Rf8+ Kg2 72. Ke2 h2 73.
Rf2+ Kh3 74. Rf3+ Rg3 75. Rf1 Rg1 76. Rf3+ Kg4 0-1

[Event "Glasgow Open"]
[Site "Glasgow"]
[Date "1979.09.23"]
[Round "5"]
[White "Stewart, Alan W"]
[Black "White, Alastair F"]
[Result "0-1"]
[WhiteElo "1895"]
[BlackElo "2150"]
[PlyCount "56"]
[EventDate "1979.09.21"]
[EventType "swiss"]
[EventRounds "5"]
[EventCountry "SCO"]
[SourceVersionDate "2021.11.04"]

1. e4 d6 2. d4 Nf6 3. Nc3 g6 4. f4 Bg7 5. Nf3 O-O 6. Bd3 Nc6 7. O-O Bg4 8. Be3
e5 9. dxe5 dxe5 10. f5 gxf5 11. exf5 e4 12. Nxe4 Nxe4 13. Bxe4 Qe7 14. Qd3 Nb4
15. Bg5 Qc5+ 16. Qe3 Qxe3+ 17. Bxe3 Rfe8 18. Nd2 Rxe4 19. Nxe4 Nxc2 20. Bd2
Bd4+ 21. Kh1 Nxa1 22. h3 Be2 23. Rxa1 Bxb2 24. Rb1 Bd4 25. Rxb7 Bd3 26. Ng5 Bb6
27. Bf4 Rc8 28. Bxc7 Bxc7 0-1

[Event "Glasgow Open"]
[Site "Glasgow"]
[Date "1979.09.23"]
[Round "5"]
[White "Walker, Roger H"]
[Black "Byrne, David G"]
[Result "1-0"]
[WhiteElo "2070"]
[BlackElo "1915"]
[PlyCount "73"]
[EventDate "1979.09.21"]
[EventType "swiss"]
[EventRounds "5"]
[EventCountry "SCO"]
[SourceVersionDate "2021.11.04"]

1. d4 d5 2. c4 e6 3. Nc3 c5 4. cxd5 exd5 5. Nf3 Nc6 6. e3 Nf6 7. Be2 Be7 8. O-O
O-O 9. dxc5 Bxc5 10. Nb5 Re8 11. a3 a6 12. Nbd4 Ne4 13. Qd3 Bb6 14. b4 Qd6 15.
Bb2 Bc7 16. Nxc6 bxc6 17. Qd4 f6 18. Rac1 a5 19. Rfd1 axb4 20. Qxb4 c5 21. Qb3
Be6 22. Qc2 Rad8 23. a4 Bf5 24. Rxd5 Qxd5 25. Bc4 Nd2 26. Bxd5+ Rxd5 27. Qc3
Rd3 28. Qxc5 Nb3 29. Qc4+ Kh8 30. Re1 Ba5 31. Qb5 Red8 32. Qxf5 Bxe1 33. Nxe1
Rd1 34. Kf1 Nd2+ 35. Ke2 Nb1 36. Bd4 Rd2+ 37. Kf3 1-0

[Event "Glasgow Open"]
[Site "Glasgow"]
[Date "1979.09.23"]
[Round "5"]
[White "Crorie, Ian D"]
[Black "Orr, Mark JL"]
[Result "0-1"]
[WhiteElo "1945"]
[BlackElo "2215"]
[PlyCount "64"]
[EventDate "1979.09.21"]
[EventType "swiss"]
[EventRounds "5"]
[EventCountry "SCO"]
[SourceVersionDate "2021.11.04"]

1. e4 e5 2. Bc4 Nf6 3. d4 exd4 4. Nf3 Nc6 5. e5 Ng4 6. O-O d6 7. exd6 Bxd6 8.
Re1+ Kf8 9. Bb5 Qf6 10. Qxd4 Bxh2+ 11. Kh1 Bd6 12. Qxf6 Nxf6 13. Bxc6 bxc6 14.
Nc3 h6 15. b3 Kg8 16. Bb2 Kh7 17. Ne5 Rf8 18. Nxc6 Bc5 19. f3 Bf5 20. Na4 Bd6
21. Bxf6 gxf6 22. Nd4 Bg6 23. Rad1 Rfe8 24. c3 Bg3 25. Re2 Rad8 26. Rdd2 Re5
27. b4 Bf4 28. Rb2 Bc1 29. Rxe5 fxe5 30. Nc6 Rd1+ 31. Kh2 Rd6 32. Nxe5 Bf4+ 0-1

[Event "Glasgow Open"]
[Site "Glasgow"]
[Date "1979.09.24"]
[Round "6"]
[White "McGregor, Douglas RW"]
[Black "Pritchett, Craig William"]
[Result "0-1"]
[WhiteElo "2065"]
[BlackElo "2435"]
[PlyCount "130"]
[EventDate "1979.09.21"]
[EventType "swiss"]
[EventRounds "5"]
[EventCountry "SCO"]
[SourceVersionDate "2021.11.04"]

1. e4 c5 2. Nf3 e6 3. c4 Nc6 4. Nc3 Nf6 5. Be2 d5 6. exd5 exd5 7. d4 Be6 8.
cxd5 Nxd5 9. Nxd5 Qxd5 10. dxc5 Qxd1+ 11. Bxd1 Bxc5 12. O-O O-O 13. Bd2 Rfd8
14. Rc1 Bb6 15. a3 Rac8 16. Be2 Nd4 17. Nxd4 Bxd4 18. Bc3 Bxc3 19. Rxc3 Rxc3
20. bxc3 Kf8 21. Rd1 Rc8 22. Rc1 Ke7 23. Kf1 Rc5 24. Ke1 Ra5 25. Ra1 Bd5 26. g3
Bc6 27. h4 h5 28. f4 g6 29. Kd2 Bd5 30. Bf1 Be6 31. Be2 b6 32. Bf1 Kd6 33. Be2
Kc5 34. Bd3 Kd6 35. Be2 Ke7 36. Bf1 Kf6 37. Ke3 Bd7 38. Bd3 Bb5 39. Bc2 Bc4 40.
Be4 Bd5 41. Bd3 Rc5 42. Kd2 Be6 43. Bf1 Bf5 44. Re1 Ra5 45. Ra1 Kg7 46. Be2 Kh6
47. Bf1 f6 48. Ke3 g5 49. fxg5+ fxg5 50. hxg5+ Kxg5 51. Be2 Re5+ 52. Kf2 Rc5
53. Rc1 Bg4 54. Bxg4 Kxg4 55. a4 Rf5+ 56. Kg2 Rf3 57. a5 Rxg3+ 58. Kh2 Rh3+ 59.
Kg2 Rd3 60. c4 Rd2+ 61. Kg1 Rd6 62. a6 Rd7 63. c5 Rc7 64. c6 Kf5 65. Rd1 Kf6
0-1

[Event "Glasgow Open"]
[Site "Glasgow"]
[Date "1979.09.24"]
[Round "6"]
[White "Sinclair, Ian"]
[Black "Reid, Alan"]
[Result "0-1"]
[WhiteElo "2345"]
[BlackElo "2215"]
[PlyCount "86"]
[EventDate "1979.09.21"]
[EventType "swiss"]
[EventRounds "5"]
[EventCountry "SCO"]
[SourceVersionDate "2021.11.04"]

1. e4 e5 2. Nf3 Nc6 3. Bb5 a6 4. Bxc6 dxc6 5. d4 exd4 6. Qxd4 Qxd4 7. Nxd4 Bd7
8. O-O O-O-O 9. Be3 Ne7 10. Nd2 f5 11. e5 c5 12. N4b3 b6 13. c4 Nc6 14. Bg5 Re8
15. f4 h6 16. Bh4 g5 17. fxg5 Nxe5 18. Rae1 hxg5 19. Bxg5 Bg7 20. Nc1 Nf7 21.
Bf4 Bxb2 22. Nf3 Bc3 23. Re2 Rhg8 24. Rc2 Bh8 25. Ne2 Re4 26. h4 Be6 27. Ng5
Nxg5 28. Bxg5 Bxc4 29. Rf2 Bd3 30. Rd2 Bxe2 31. Rfxe2 Bd4+ 32. Kh2 Rge8 33.
Rxe4 Rxe4 34. Kh3 Kd7 35. h5 Ke6 36. h6 Kf7 37. Bd8 Re6 38. h7 Rh6+ 39. Kg3
Be5+ 40. Kf3 Rxh7 41. a4 Ke6 42. Re2 Rd7 43. Bh4 Rd4 0-1

[Event "Glasgow Open"]
[Site "Glasgow"]
[Date "1979.09.24"]
[Round "6"]
[White "Swanson, Stephen"]
[Black "Giulian, Philip M"]
[Result "1-0"]
[WhiteElo "2350"]
[BlackElo "2175"]
[PlyCount "137"]
[EventDate "1979.09.21"]
[EventType "swiss"]
[EventRounds "5"]
[EventCountry "SCO"]
[SourceVersionDate "2021.11.04"]

1. g3 d5 2. Bg2 Nf6 3. d3 c5 4. f4 Nc6 5. Nf3 g6 6. O-O Bg7 7. Nc3 d4 8. Na4
Qd6 9. c4 O-O 10. a3 Nd7 11. Rb1 b6 12. b4 Bb7 13. Ne5 cxb4 14. Nxd7 Qxd7 15.
axb4 e5 16. b5 Ne7 17. Bxb7 Qxb7 18. Qb3 Nf5 19. c5 bxc5 20. Nxc5 Qc7 21. Ne4
Rfe8 22. g4 Nd6 23. Nxd6 Qxd6 24. Qxf7+ Kxf7 25. fxe5+ Kg8 26. exd6 Rad8 27.
Ba3 Rxe2 28. Rbe1 Rxe1 29. Rxe1 Bf8 30. d7 Rxd7 31. Re8 Rf7 32. Ra8 Kg7 33.
Bxf8+ Rxf8 34. Rxa7+ Kf6 35. Ra4 Rb8 36. Rb4 Rb6 37. Kg2 h6 38. h4 Ke5 39. Kf3
Kd5 40. g5 hxg5 41. hxg5 Ke5 42. Kg4 Kd5 43. Rb2 Ke5 44. Rb1 Kd5 45. Kf4 Rb7
46. b6 Rf7+ 47. Kg4 Rb7 48. Rb2 Ke5 49. Rb5+ Kd6 50. Kf4 Kc6 51. Re5 Kd6 52.
Ke4 Rxb6 53. Rd5+ Ke6 54. Ra5 Rd6 55. Re5+ Kf7 56. Rd5 Ra6 57. Ke5 Ke7 58. Rb5
Re6+ 59. Kxd4 Ra6 60. Kd5 Rd6+ 61. Ke4 Ra6 62. Rb7+ Kf8 63. d4 Re6+ 64. Kd5 Re1
65. Rb6 Kg7 66. Re6 Ra1 67. Re5 Kf7 68. Kc6 Rc1+ 69. Kd7 1-0

[Event "Glasgow Open"]
[Site "Glasgow"]
[Date "1979.09.24"]
[Round "6"]
[White "Upton, Timothy J"]
[Black "Reid, Neil"]
[Result "1/2-1/2"]
[WhiteElo "2280"]
[BlackElo "1995"]
[PlyCount "97"]
[EventDate "1979.09.21"]
[EventType "swiss"]
[EventRounds "5"]
[EventCountry "SCO"]
[SourceVersionDate "2021.11.04"]

1. e4 g6 2. d4 Bg7 3. Nc3 c6 4. f4 d5 5. e5 h5 6. Nf3 Bg4 7. Be2 e6 8. Be3 Nh6
9. Qd3 Nf5 10. Bf2 Bh6 11. h3 Bxf3 12. Qxf3 h4 13. Bd3 Bf8 14. O-O-O Qa5 15.
Kb1 b5 16. Bxf5 gxf5 17. Rdg1 Nd7 18. g4 hxg3 19. Rxg3 Nb6 20. Be1 b4 21. Ne2
Nc4 22. Nc1 Qb6 23. Qd3 a5 24. Rhg1 Kd7 25. Rg8 Be7 26. Rxa8 Rxa8 27. Rg7 Rf8
28. h4 Ke8 29. Ne2 a4 30. b3 axb3 31. cxb3 Na3+ 32. Kb2 Nb5 33. Bf2 Qa5 34. h5
Kd7 35. Be1 Rh8 36. Rxf7 Rxh5 37. Qg3 Nc3 38. Bxc3 bxc3+ 39. Qxc3 Qa6 40. Nc1
Ke8 41. Rxe7+ Kxe7 42. Qc5+ Kf7 43. a4 Rh4 44. Qd6 Qa7 45. Qxc6 Qxd4+ 46. Ka3
Rxf4 47. Qd7+ Kf8 48. Qd8+ Kg7 49. Qg5+ 1/2-1/2

[Event "Glasgow Open"]
[Site "Glasgow"]
[Date "1979.09.24"]
[Round "6"]
[White "Treasurer, John L"]
[Black "Walker, Roger H"]
[Result "1-0"]
[WhiteElo "1995"]
[BlackElo "2070"]
[PlyCount "93"]
[EventDate "1979.09.21"]
[EventType "swiss"]
[EventRounds "5"]
[EventCountry "SCO"]
[SourceVersionDate "2021.11.04"]

1. d4 Nf6 2. c4 c5 3. d5 d6 4. Nc3 g6 5. e4 Bg7 6. Nf3 O-O 7. Be2 e6 8. O-O
exd5 9. exd5 Re8 10. h3 Na6 11. Bg5 Nc7 12. a4 Rb8 13. Bd3 h6 14. Bd2 b6 15.
Rb1 Bd7 16. Nb5 Nxb5 17. axb5 Ne4 18. Bf4 Qf6 19. Bh2 Re7 20. Ra1 Bf5 21. g4
Bc8 22. Re1 Ng5 23. Nxg5 hxg5 24. Rxe7 Qxe7 25. Qe2 Be5 26. Bxe5 dxe5 27. Re1
f6 28. Qe4 Qf7 29. Qxg6+ Qxg6 30. Bxg6 a5 31. bxa6 Bxa6 32. b3 Kf8 33. Ra1 Bb7
34. Ra7 Ke7 35. Bf5 Kd6 36. Be4 b5 37. cxb5 Bc8 38. Rf7 Rxb5 39. Rxf6+ Ke7 40.
Rg6 Rxb3 41. d6+ Kf8 42. Bd5 Rb1+ 43. Kg2 Ke8 44. Bc6+ Bd7 45. Bd5 Bb5 46. Be6
Bc6+ 47. f3 1-0

[Event "Glasgow Open"]
[Site "Glasgow"]
[Date "1979.09.24"]
[Round "6"]
[White "Dick, JW."]
[Black "Gray, William"]
[Result "1-0"]
[WhiteElo "1990"]
[BlackElo "2075"]
[PlyCount "95"]
[EventDate "1979.09.21"]
[EventType "swiss"]
[EventRounds "5"]
[EventCountry "SCO"]
[SourceVersionDate "2021.11.04"]

1. d4 Nf6 2. Nf3 d6 3. c4 Nbd7 4. Bf4 g6 5. e3 Bg7 6. Nc3 O-O 7. Be2 c6 8. O-O
Qc7 9. c5 Nh5 10. cxd6 exd6 11. Bg5 Re8 12. Rc1 Nf8 13. h3 Ne6 14. Bh4 f5 15.
g4 fxg4 16. hxg4 Nf6 17. g5 Nh5 18. Nd2 Qf7 19. Nce4 Rd8 20. Kh1 d5 21. Bxh5
dxe4 22. Bg4 Nc7 23. Bxc8 Raxc8 24. Bg3 Qf5 25. Qb3+ Nd5 26. Qxb7 Kh8 27. Kg2
Qxg5 28. Nxe4 Nf4+ 29. exf4 Qd5 30. f3 Rb8 31. Qxc6 Rxb2+ 32. Rf2 Qxa2 33. Rxb2
Qxb2+ 34. Rc2 Qxd4 35. Rd2 Qb6 36. Qxb6 Rxd2+ 37. Qf2 Rxf2+ 38. Bxf2 a5 39. Nc5
Bc3 40. Be3 Kg7 41. Kh3 Be1 42. Kg4 h5+ 43. Kg5 Bb4 44. f5 gxf5 45. Kxf5 h4 46.
Kg4 Be1 47. f4 Bg3 48. f5 1-0